On the rocketship how top charter schools are pushing the envelope
"Veteran journalist Richard Whitmire follows Rocketship through the school year and into the following year, when the nationally acclaimed charter school network launches new schools in Milwaukee. While Rocketship's story provides the narrative spine, the book also covers developments as o...
Αποθηκεύτηκε σε:
| Κύριος συγγραφέας: | |
|---|---|
| Άλλοι συγγραφείς: | |
| Μορφή: | Βιβλίο |
| Γλώσσα: | English |
| Έκδοση: |
San Francisco
Jossey-Bass
2014.
|
| Έκδοση: | First edition. |
| Θέματα: | |
| Ετικέτες: |
Προσθήκη ετικέτας
Δεν υπάρχουν, Καταχωρήστε ετικέτα πρώτοι!
|
| Thư viện lưu trữ: | Mạng thư viện Đại học Đà Nẵng |
|---|
| LEADER | 02672nam a2200361 4500 | ||
|---|---|---|---|
| 001 | 000024629 | ||
| 003 | 21117 | ||
| 005 | 20161215141202.0 | ||
| 008 | 161215s2014 engsd | ||
| 020 | |a 9781118607640 (hardback) | ||
| 041 | 0 | |a eng | |
| 082 | 0 | 0 | |a 371.050973 |b WH-R |
| 100 | 1 | |a Whitmire, Richard. |q (Laura Ann) | |
| 245 | 1 | 0 | |a On the rocketship |b how top charter schools are pushing the envelope |c Richard Whitmire |
| 250 | |a First edition. | ||
| 260 | |a San Francisco |b Jossey-Bass |c 2014. | ||
| 300 | |a ix, 334 p. |b color illustrations |c 24 cm. | ||
| 504 | |a Includes bibliographical references and index. | ||
| 520 | 3 | |a "Veteran journalist Richard Whitmire follows Rocketship through the school year and into the following year, when the nationally acclaimed charter school network launches new schools in Milwaukee. While Rocketship's story provides the narrative spine, the book also covers developments as other high quality charter organizations bid to reshape urban education in America. In 2012, charter school students made up only 5 percent of the total student population, but those numbers were growing fast and have huge impacts in the urban areas. As The New York Times recently pointed out, charter enrollment explains most of the enrollment declines in traditional schools in cities such as Chicago and Los Angeles.In this book, Whitmire will also explore one core innovation at Rocketship: its successful blended learning program. Rocketship's Learning Lab is where students spend two hours a day in computer-driven instruction powered by carefully selected software. This "blended learning" approach--Learning Lab blended with in-class instruction where teachers coordinate closely with the Lab--cuts expenses by 25 percent. Rocketship uses that extra money to fund longer school hours and higher teacher salaries. Today many schools around the country look to Rocketship as a model for using blended learning (many try to use blended learning, but few succeed)"-- |c Provided by publisher. | |
| 650 | 0 | |a Charter schools |z United States | |
| 650 | 0 | |a Charter schools |v Case studies |z Wisconsin |z Milwaukee | |
| 653 | |a Education | ||
| 700 | 1 | |d 1978- |d 1906-1998. |d 1952- |d 1974- | |
| OWN | |a LSP | ||
| AVA | |a UDN50 |b LSP |d 371.050973 WH-R |e available |t Error 5001 Not defined in file expand_doc_bib_avail. |f 1 |g 0 |h N |i 0 |k 1 | ||
| 999 | |a From the UDN01 | ||
| AVA | |a UDN50 |b LSP |d 371.050973 WH-R |e available |t Error 5001 Not defined in file expand_doc_bib_avail. |f 1 |g 0 |h N |i 0 |k 1 | ||
| TYP | |a Monograph | ||
| TYP | |a Printed language | ||
| 980 | |a Mạng thư viện Đại học Đà Nẵng | ||


